000 00835aam a2200301 i 4500
001 768714001
003 CO-MdFUSB
005 20250908124114.0
007 ta
008 250908t1935 -us |||| |||| 00| 0 eng d
040 _cCO-MdFUSB
041 0 _aeng
082 0 4 _223
_a250.9
_bS6421p
100 1 _aSmith, Henry G. Weston (Griggs) (1890-)
_eautor
245 1 4 _aThe pastor at work in christian education
_c/ Henry G. Weston Smith
264 1 _bJudson Press,
_aPA., USA :
_c[1935]
264 4 _c©1935
300 _a110 páginas
336 _atexto
_btxt
_2rdacontent
337 _2rdamedia
_asin mediación
_bn
338 _2rdacarrier
_avolumen
_bnc
563 _aPasta dura
650 1 7 _aTeología pastoral
_9227
650 1 7 _aEducación cristiana
_9349
942 _cBK
945 _aJTF-925
999 _c36355
_d36355